[Event "FISU World University (Women)"]
[Site "Entebbe"]
[Date "2024.06.30"]
[Round "9"]
[White "Junu, Birua"]
[Black "Gorata, Mere"]
[Result "1-0"]
[WhiteElo "1419"]
[BlackElo "1541"]
[PlyCount "83"]
[EventDate "2024.06.25"]
[EventType "swiss"]
[EventRounds "9"]
[EventCountry "UGA"]
[SourceTitle "CBM 220 Extra"]
[Source "ChessBase"]
[SourceDate "2024.07.31"]
[SourceVersion "1"]
[SourceVersionDate "2024.07.31"]
[SourceQuality "1"]

1. d4 d5 2. Bg5 Nd7 3. Nf3 Ngf6 4. h3 e6 5. e3 a6 6. Nbd2 Be7 7. Bd3 h6 8. Bh4 c5 9. c3 Qc7 10. 0-0 0-0 11. Re1 Re8 12. Bc2 b5 13. e4 dxe4 14. Nxe4 Nd5 15. Bg3 Qb6 16. dxc5 Nxc5 17. Nxc5 Bxc5 18. Qd3 g6 19. b4 Bf8 20. Be5 Bg7 21. Bxg7 Kxg7 22. Ne5 Ne7 23. Rad1 Ra7 24. Qf3 Rf8 25. g4 Nd5 26. a3 Rc7 27. Rd3 Bb7 28. Qg3 Rfc8 29. c4 bxc4 30. Rdd1 Nf6 31. Qc3 Bd5 32. Rd4 Qb7 33. h4 Qb5 34. Re3 Qe8 35. Rf4 g5 36. Rxf6 Kxf6 37. Nc6+ e5 38. Rxe5 gxh4 39. Rxe8+ Kg5 40. Qg7+ Kf4 41. Qe5+ Kf3 42. Qf5# 1-0

[Event "FISU World University (Women)"]
[Site "Entebbe"]
[Date "2024.06.29"]
[Round "8"]
[White "Gorata, Mere"]
[Black "Nansubuga, Gloria"]
[Result "1/2-1/2"]
[WhiteElo "1541"]
[BlackElo "1622"]
[PlyCount "73"]
[EventDate "2024.06.25"]
[EventType "swiss"]
[EventRounds "9"]
[EventCountry "UGA"]
[SourceTitle "CBM 220 Extra"]
[Source "ChessBase"]
[SourceDate "2024.07.31"]
[SourceVersion "1"]
[SourceVersionDate "2024.07.31"]
[SourceQuality "1"]

1. d4 d5 2. Nf3 c5 3. b3 Nc6 4. e3 Bf5 5. Bb2 Nf6 6. a3 e6 7. Nbd2 h6 8. Be2 Be7 9. 0-0 0-0 10. Ne5 Qc7 11. c4 Bd6 12. f4 Ne4 13. Bd3 Nxd2 14. Qxd2 Bxd3 15. Qxd3 Bxe5 16. fxe5 Qe7 17. Rac1 Rad8 18. Rf2 dxc4 19. Qxc4 cxd4 20. exd4 Qg5 21. Rcf1 Qe3 22. Rd1 Nxe5 23. Qe2 Qxb3 24. Rdf1 Nc4 25. Bc1 Rxd4 26. Qh5 Nd6 27. Bxh6 gxh6 28. Qxh6 Nf5 29. Rxf5 exf5 30. Qg5+ Kh7 31. Qxf5+ Kg8 32. Qg5+ Kh7 33. Qf5+ Kg8 34. Qg5+ Kh7 35. Qf5+ Kg8 36. Qg5+ Kh7 37. Qf5+ 1/2-1/2

[Event "FISU World University-ch Blitz"]
[Site "Entebbe"]
[Date "2024.06.26"]
[Round "1"]
[White "Kubicka, Anna"]
[Black "Gorata, Mere"]
[Result "1-0"]
[WhiteElo "2063"]
[BlackElo "1515"]
[PlyCount "49"]
[EventDate "2024.06.26"]
[EventType "swiss (blitz)"]
[EventRounds "9"]
[EventCountry "UGA"]
[SourceTitle "CBM 221 Extra"]
[Source "ChessBase"]
[SourceDate "2024.09.30"]
[SourceVersion "1"]
[SourceVersionDate "2024.09.30"]
[SourceQuality "1"]

1. e4 c5 2. Ne2 Nf6 3. Nbc3 g6 4. g3 Bg7 5. Bg2 e5 6. 0-0 0-0 7. d3 d6 8. Bg5 h6 9. Bxf6 Bxf6 10. Nd5 Bg7 11. Qd2 Kh7 12. Nec3 Nd7 13. f4 exf4 14. Rxf4 Nf6 15. Raf1 g5 16. Nxf6+ Bxf6 17. Rxf6 Be6 18. Nd5 Kg7 19. Qf2 Qd7 20. h4 g4 21. Rxh6 Kxh6 22. Qf4+ Kg7 23. Qg5+ Kh8 24. Qh6+ Kg8 25. Nf6# 1-0